Sócrates: philosophy in Plato's Early Dialogues
Saved in:
| 主要作者: | |
|---|---|
| 格式: | 圖書 |
| 語言: | 英语 |
| 出版: |
Londres
Routledge y Kegan Paul
1979
|
| 叢編: | The arguments of the philosophers
|
| 主題: | |
| 標簽: |
添加標簽
沒有標簽, 成為第一個標記此記錄!
|
MARC
| LEADER | 00000nam a2200000 a 4500 | ||
|---|---|---|---|
| 001 | UCY5883 | ||
| 003 | CL-VaPUC | ||
| 008 | 950512e19790000UK |||||||||||||||||eng|d | ||
| 082 | 0 | 4 | |a 183.2 |b XEN |2 21 |
| 100 | 0 | |a Xénophon Santas, Gerasimos |e author |9 335284 | |
| 245 | 1 | 0 | |a Sócrates: philosophy in Plato's Early Dialogues |
| 300 | |a 343 p | ||
| 942 | |c BK | ||
| 945 | |d 19950512 00:00:00 |a oaravena | ||
| 260 | |a Londres |b Routledge y Kegan Paul |c 1979 | ||
| 600 | 0 | |a Sócrates |9 266368 | |
| 650 | 0 | |a Filosofía antigua |9 255705 | |
| 650 | 0 | |a Ética |9 255099 | |
| 650 | 0 | |a Filosofía de las ciencias |9 256466 | |
| 650 | 0 | |a Filosofía |9 223554 | |
| 650 | 0 | |a Metafísica |9 265649 | |
| 651 | 0 | |a Grecia |9 265314 | |
| 583 | |a last modification |c 19950512 00:00:00 |k Rodrigo Vera | ||
| 490 | 0 | |a The arguments of the philosophers | |
| 999 | |c 233489 |d 233487 | ||
| 952 | |0 0 |1 0 |4 0 |6 183_200000000000000_XEN_1979 |7 0 |8 P |9 239053 |a BIBEDU |b BIBEDU |c BIBEDU_PB |d 2019-11-18 |i 1501542 |o 183.2 XEN 1979 |p 1501542 |r 2024-01-25 |w 2019-11-18 |y BK |k FIL | ||